[Event "AUT Bundesliga 2021-22"]
[Site "Graz"]
[Date "2022.03.25"]
[Round "6"]
[White "Leisch, Lukas"]
[Black "Wagner, Dennis"]
[Result "0-1"]
[WhiteElo "2403"]
[BlackElo "2584"]
[Annotator "TA"]
[PlyCount "98"]
[EventDate "2021.01.17"]
[EventType "team-tourn"]
[EventCountry "AUT"]
[SourceTitle "playchess.com"]
[Source "ChessBase"]
[SourceQuality "1"]

{[%evp 14,98,13,7,29,32,43,30,27,-43,-36,-35,-32,-35,-26,-64,0,-14,-9,-140,-135,-130,-142,-135,-60,-85,-95,-75,-40,-34,-10,-10,-10,-12,-14,-52,-43,-60,-47,-75,-75,-84,-69,-72,-75,-70,-69,-111,-125,-116,-108,-124,-124,-117,-117,-256,-240,-193,-222,-232,-226,-197,-198,-243,-229,-251,-170,-162,-192,-187,-173,-160,-181,-295,-282,-12841,-12841,-12841,-12842,-29993,-29994,-29994,-29995,-29995,-29996,-29996,-29997]} 1. c4 c5 2. g3 g6 3. Bg2 Bg7 4. Nc3 Nc6 5. a3 {[%cal Ba2a3,Ba3b4,Bb4b5][%mdl 32]} e6 6. Rb1 Nge7 7. b4 cxb4 8. axb4 d5 {A36: Symmetrical English vs ...g6: 4 Bg2 Bg7.} 9. cxd5 exd5 10. b5 $1 Na5 {White has an edge.} 11. d4 (11. e3 $11) 11... Bf5 $15 {[#]} 12. Ra1 $146 ({Predecessor:} 12. Rb4 Rc8 13. Bd2 Qd6 14. Qa4 Nc4 15. Bf4 Qb6 16. Nh3 Bxd4 17. Nxd5 Nxd5 18. Rxc4 Rxc4 19. Qxc4 Nxf4 20. Nxf4 Qa5+ 21. Kd1 Qa1+ 22. Kd2 Qb2+ 23. Kd1 Bc3 {0-1 (23) Van De Velde,H (2118)-Vestby Ellingsen,M (2363) Hoogeveen 2019}) 12... Rc8 13. Ra3 Nc4 14. Ra2 (14. Rxa7 $2 Qb6 15. Ra4 Bxd4 16. Nxd5 Nxd5 17. Bxd5 Bxf2+ 18. Kf1 Ne3+ 19. Bxe3 Bxe3 $19) 14... Nd6 ({Better is} 14... Qd6 $1 $15 15. e3 Nxe3 $1 16. fxe3 Rxc3) 15. Bb2 $11 Qb6 16. Nxd5 (16. e3 $1 $11) 16... Nxd5 $17 ({Inferior is} 16... Qxb5 17. Nxe7 Kxe7 18. Ba3 $11) 17. Bxd5 O-O (17... Qxb5 18. Qb3 $15) 18. Nf3 Bc2 (18... Qxb5 $17 19. Qb3 Rc2 20. Qxb5 Nxb5) 19. Qd2 $15 Qxb5 20. Qa5 Qxa5+ 21. Rxa5 Nc4 22. Bxc4 Rxc4 23. Rxa7 Be4 {Strongly threatening ...Rc2.} 24. O-O {And now Nd2 would win.} (24. Nd2 $5 {[%cal Rd2e4]} Rc2 25. Nxe4 Rxb2 26. O-O $11) 24... Rc2 $36 {[%csl LRb2,LRe2][%mdl 2048] To avoid Nd2. Black has some pressure.} 25. Ba3 Rd8 26. Ng5 {[#]} Bxd4 $1 27. Rd1 Bc6 {Black is more active.} ({Much weaker is} 27... Rxe2 $6 28. Nxe4 Rxe4 29. Kg2 $11) 28. e3 Bxa7 {[%cal Rd8d1] This bishop pair is nice.} 29. Rxd8+ Kg7 {aiming for ...Bc5.} 30. Bf8+ Kf6 31. Nxh7+ Kf5 32. Rd1 {[#] Inhibits Rc1.} g5 $1 {[%mdl 1024] ...Bf3 is the strong threat. Black has strong compensation.} 33. Be7 g4 34. Ng5 {Now White is beyond hope.} (34. Nf8 $17 {only move.}) 34... f6 $19 35. Nh7 Bf3 36. Ra1 Bb8 {Threatens to win with ...Be5.} 37. Nf8 Be5 38. Rb1 (38. Re1 {was called for.}) 38... Rc7 39. Ba3 Rc3 40. Bb4 Rd3 41. h3 gxh3 42. Kh2 Bg2 43. Re1 {[#]} (43. Ba5 $142) 43... Rb3 $1 44. e4+ $2 (44. Bc5 b6 45. Bd4) 44... Kg4 ({Weaker is} 44... Bxe4 45. Bc5 $19) 45. Bc5 Rb2 {[%cal Oe5g3] ( -> ...Bxg3+!)} 46. Kg1 Bf3 {Black mates.} 47. Nd7 {[#]} Bxg3 $1 {[%mdl 512]} 48. Nxf6+ Kg5 49. Be3+ Kxf6 {Weighted Error Value: White=0.51/Black=0.07 (flawless)} 0-1

[Event "AUT Bundesliga 2021-22"]
[Site "Graz"]
[Date "2022.03.25"]
[Round "6"]
[White "Novkovic, Milan"]
[Black "Csonka, Attila Istvan"]
[Result "1/2-1/2"]
[WhiteElo "2360"]
[BlackElo "2334"]
[Annotator "TA"]
[PlyCount "61"]
[EventDate "2021.01.17"]
[EventType "team-tourn"]
[EventCountry "AUT"]
[SourceTitle "playchess.com"]
[Source "ChessBase"]
[SourceQuality "1"]

{[%evp 20,61,-12,-7,10,10,16,0,0,0,0,0,28,0,20,15,16,11,14,0,0,0,0,0,8,4,3,0,0,0,0,0,0,0,0,0,0,0,0,0,0,0,0,0]} 1. d4 Nf6 2. c4 e6 3. Nf3 b6 4. e3 Bb7 5. Bd3 d5 6. O-O Be7 7. Nc3 O-O 8. b3 dxc4 9. Bxc4 c5 10. dxc5 Bxc5 11. Bb2 Qxd1 {E14: Queen's Indian: Classical Variation (4 e3).} 12. Rfxd1 Nc6 13. Kf1 Rfd8 {[#]} 14. h3 $146 ({Predecessor:} 14. Ke2 Be7 15. Rxd8+ Rxd8 16. Rd1 Rxd1 17. Nxd1 Kf8 18. Nc3 h6 19. h3 Nd7 20. Ne4 {½-½ (43) Ivanchuk,V (2722)-Cheparinov,I (2677) Sibenik 2016}) 14... Kf8 15. Be2 Ke7 16. Ng5 Rxd1+ {The position is equal.} 17. Rxd1 Rd8 18. Rxd8 Nxd8 19. Bf3 Bxf3 20. Nxf3 Nc6 21. Ke2 h6 22. Nd2 Bb4 23. Nde4 Nxe4 24. Nxe4 $11 {[%mdl 4096] Endgame KBN-KBN} f5 25. Nd2 Bxd2 26. Kxd2 {KB-KN} e5 27. f3 Ke6 28. e4 fxe4 29. fxe4 b5 30. Bc3 a6 31. Ke3 {An even fight not without its subleties.  Weighted Error Value: White=0.05 (flawless) /Black=0.04 (flawless)} 1/2-1/2

[Event "AUT Bundesliga 2021-22"]
[Site "Graz"]
[Date "2022.03.25"]
[Round "6"]
[White "Webersberger, Johann"]
[Black "Schlosser, Philipp"]
[Result "1-0"]
[WhiteElo "2321"]
[BlackElo "2512"]
[Annotator "ChessBase"]
[PlyCount "75"]
[EventDate "2021.01.17"]
[EventType "team-tourn"]
[EventCountry "AUT"]
[SourceTitle "playchess.com"]
[Source "ChessBase"]
[SourceQuality "1"]
[TimeControl "40/5400+30:1800+30"]

1. e4 {[%emt 0:00:02]} c5 {[%emt 0:01:04]} 2. Nc3 {[%emt 0:00:05]} Nc6 {[%emt 0:00:11]} 3. Bb5 {[%emt 0:00:37]} Nf6 {[%emt 0:00:42]} 4. Nf3 {[%emt 0:00:11]} Qc7 {[%emt 0:00:27]} 5. O-O {[%emt 0:01:01]} Nd4 {[%emt 0:01:10]} 6. Nxd4 {[%emt 0:00:20]} cxd4 {[%emt 0:00:48]} 7. Nd5 {[%emt 0:00:05]} Nxd5 {[%emt 0:00:23]} 8. exd5 {[%emt 0:00:04]} Qc5 {[%emt 0:04:06]} 9. c4 {[%emt 0:00:34]} a6 {[%emt 0:02:24]} 10. b4 {[%emt 0:02:40]} Qxb4 {[%emt 0:01:18]} 11. Ba4 {[%emt 0:00:06]} Qxc4 {[%emt 0:37:40]} 12. Bb3 {[%emt 0:01:48]} Qc7 {[%emt 0:01:32]} 13. Re1 {[%emt 0:42:22]} e5 {[%emt 0:14:09]} 14. f4 {[%emt 0:01:56]} d6 {[%emt 0:00:15]} 15. Qh5 {[%emt 0:13:12]} Be7 {[%emt 0:14:39]} 16. fxe5 {[%emt 0:02:39]} dxe5 {[%emt 0:01:18]} 17. Rxe5 {[%emt 0:18:49]} O-O {[%emt 0:00:43]} 18. Bb2 {[%emt 0:00:46]} Bf6 {[%emt 0:04:45]} 19. Bxd4 {[%emt 0:01:58]} Bxe5 {[%emt 0:00:31]} 20. Bxe5 {[%emt 0:00:07]} Qb6+ {[%emt 0:00:07]} 21. d4 {[%emt 0:00:51]} Qg6 {[%emt 0:00:32]} 22. Qxg6 {[%emt 0:01:19]} hxg6 {[%emt 0:00:02]} 23. Rc1 {[%emt 0:00:05]} Rd8 {[%emt 0:05:13]} 24. d6 {[%emt 0:01:33]} Rd7 {[%emt 0:01:56]} 25. Bd5 {[%emt 0:01:17]} Rb8 {[%emt 0:01:30]} 26. Kf2 {[%emt 0:03:34]} Kf8 {[%emt 0:01:35]} 27. Ke3 {[%emt 0:00:00]} f6 {[%emt 0:01:03]} 28. Bg3 {[%emt 0:00:00]} Ke8 {[%emt 0:00:00]} 29. Be6 {[%emt 0:00:10]} Rd8 {[%emt 0:01:52]} 30. d5 {[%emt 0:00:15]} Bd7 {[%emt 0:00:03]} 31. Rc7 {[%emt 0:00:21]} a5 {[%emt 0:00:26]} 32. Kd4 {[%emt 0:01:59]} b5 {[%emt 0:00:24]} 33. Kc5 {[%emt 0:00:33]} b4 {[%emt 0:00:43]} 34. Bxd7+ {[%emt 0:02:08]} Rxd7 {[%emt 0:00:02]} 35. Kc6 {[%emt 0:00:03]} b3 {[%emt 0:02:29]} 36. axb3 {[%emt 0:00:20]} Rxb3 {[%emt 0:00:01]} 37. Rc8+ {[%emt 0:00:15]} Rd8 {[%emt 0:00:20]} 38. d7+ {[%emt 0:00:07]} 1-0

[Event "AUT Bundesliga 2021-22"]
[Site "Graz"]
[Date "2022.03.25"]
[Round "6"]
[White "Richter, Nils"]
[Black "Prinzjakowitsch, Bernhard"]
[Result "1-0"]
[WhiteElo "2320"]
[BlackElo "2091"]
[Annotator "NA"]
[PlyCount "101"]
[EventDate "2021.01.17"]
[EventType "team-tourn"]
[EventCountry "AUT"]
[SourceTitle "playchess.com"]
[Source "ChessBase"]
[SourceQuality "1"]
[TimeControl "40/5400+30:1800+30"]

1. Nf3 {[%emt 0:00:02]} Nc6 {[%emt 0:00:18]} 2. d4 {[%emt 0:01:25]} d6 {[%emt 0:00:06]} 3. e4 {[%emt 0:03:31]} e5 {[%emt 0:00:07]} 4. d5 {[%emt 0:01:06]} Nce7 {[%emt 0:00:09]} 5. c4 {[%emt 0:01:48]} f5 {[%emt 0:00:39]} 6. Nc3 {[%emt 0:01:06]} Nf6 {[%emt 0:01:26]} 7. exf5 {[%emt 0:08:20]} Bxf5 {[%emt 0:00:59]} 8. h3 {[%emt 0:00:22]} h6 {[%emt 0:02:09]} 9. g4 {[%emt 0:02:12]} Bg6 {[%emt 0:03:39]} 10. Be3 {[%emt 0:01:36]} Qd7 {[%emt 0:04:40]} 11. c5 {[%emt 0:09:02]} c6 {[%emt 0:12:26]} 12. cxd6 {[%emt 0:11:45]} Qxd6 {[%emt 0:05:02]} 13. dxc6 {[%emt 0:02:08]} Nxc6 {[%emt 0:00:13]} 14. Qxd6 {[%emt 0:04:15]} Bxd6 {[%emt 0:00:06]} 15. Bg2 {[%emt 0:00:09]} O-O-O {[%emt 0:14:50]} 16. O-O {[%emt 0:00:49]} Bb4 {[%emt 0:00:23]} 17. Rac1 {[%emt 0:04:33]} Kb8 {[%emt 0:00:56]} 18. a3 {[%emt 0:06:26]} Bxc3 {[%emt 0:04:45]} 19. Rxc3 {[%emt 0:00:02]} Rhe8 {[%emt 0:00:53]} 20. Re1 {[%emt 0:04:15]} Nd5 {[%emt 0:12:04]} 21. Rc5 {[%emt 0:00:54]} Bf7 {[%emt 0:08:51]} 22. Nh4 {[%emt 0:09:29]} Nce7 {[%emt 0:06:38]} 23. Be4 {[%emt 0:06:42]} b6 {[%emt 0:02:45]} 24. Rcc1 {[%emt 0:00:38]} g5 {[%emt 0:03:31]} 25. Nf5 {[%emt 0:00:31]} Nxf5 {[%emt 0:00:31]} 26. Bxf5 {[%emt 0:02:09]} Ne7 {[%emt 0:00:08]} 27. Be4 {[%emt 0:01:35]} Bd5 {[%emt 0:00:13]} 28. Bb1 {[%emt 0:01:45]} Bf3 {[%emt 0:02:25]} 29. Kh2 {[%emt 0:01:17]} Bb7 {[%emt 0:01:49]} 30. Rcd1 {[%emt 0:01:36]} Bf3 {[%emt 0:01:26]} 31. Rxd8+ {[%emt 0:00:31]} Rxd8 {[%emt 0:00:05]} 32. Kg3 {[%emt 0:00:23]} Bc6 {[%emt 0:07:30]} 33. Bc1 {[%emt 0:01:46]} Ng8 {[%emt 0:00:28]} 34. Bc2 {[%emt 0:02:34]} e4 {[%emt 0:00:14]} 35. Rd1 {[%emt 0:02:21]} Rf8 {[%emt 0:01:32]} 36. Rd6 {[%emt 0:03:07]} Kc7 {[%emt 0:00:54]} 37. Rg6 {[%emt 0:00:16]} Rf3+ {[%emt 0:00:21]} 38. Kg2 {[%emt 0:00:23]} Ne7 {[%emt 0:00:23]} 39. Rxh6 {[%emt 0:01:45]} Rf7 {[%emt 0:02:09]} 40. Kg1 {[%emt 0:00:00]} Bd5 {[%emt 0:00:00]} 41. Bxg5 {[%emt 0:05:26]} Nc6 {[%emt 0:01:28]} 42. Bf6 {[%emt 0:02:23]} Kd7 {[%emt 0:02:11]} 43. Rg6 {[%emt 0:01:56]} Ne7 {[%emt 0:01:03]} 44. Ba4+ {[%emt 0:01:22]} Ke6 {[%emt 0:00:19]} 45. Bxe7+ {[%emt 0:00:48]} Kxe7 {[%emt 0:00:06]} 46. Bc6 {[%emt 0:00:45]} Bxc6 {[%emt 0:01:08]} 47. Rxc6 {[%emt 0:00:03]} Rf3 {[%emt 0:00:06]} 48. Rc3 {[%emt 0:00:58]} Rf4 {[%emt 0:01:00]} 49. Rc7+ {[%emt 0:00:28]} Kf6 {[%emt 0:00:12]} 50. Kg2 {[%emt 0:02:09]} Ke5 {[%emt 0:04:51]} 51. Rxa7 {[%emt 0:00:42]} 1-0

[Event "AUT Bundesliga 2021-22"]
[Site "Graz"]
[Date "2022.03.25"]
[Round "6"]
[White "Dietmayer-Kraeutler, Marco"]
[Black "Gerhold, Michael"]
[Result "1/2-1/2"]
[WhiteElo "2312"]
[BlackElo "2167"]
[Annotator "NA"]
[PlyCount "60"]
[EventDate "2021.01.17"]
[EventType "team-tourn"]
[EventCountry "AUT"]
[SourceTitle "playchess.com"]
[Source "ChessBase"]
[SourceQuality "1"]
[TimeControl "40/5400+30:1800+30"]

1. d4 {[%emt 0:00:03]} Nf6 {[%emt 0:00:09]} 2. c4 {[%emt 0:00:05]} e6 {[%emt 0:00:09]} 3. Nc3 {[%emt 0:00:05]} Bb4 {[%emt 0:00:22]} 4. Qc2 {[%emt 0:00:04]} O-O {[%emt 0:00:14]} 5. a3 {[%emt 0:00:03]} Bxc3+ {[%emt 0:00:11]} 6. Qxc3 {[%emt 0:00:02]} d5 {[%emt 0:00:35]} 7. Bg5 {[%emt 0:00:51]} dxc4 {[%emt 0:02:52]} 8. Qxc4 {[%emt 0:01:39]} b6 {[%emt 0:00:50]} 9. Rc1 {[%emt 0:01:53]} Ba6 {[%emt 0:07:47]} 10. Qa4 {[%emt 0:00:15]} Qd7 {[%emt 0:02:28]} 11. Qxd7 {[%emt 0:05:29]} Nbxd7 {[%emt 0:00:05]} 12. Bxf6 {[%emt 0:00:54]} Nxf6 {[%emt 0:00:38]} 13. e3 {[%emt 0:00:14]} Bxf1 {[%emt 0:00:34]} 14. Kxf1 {[%emt 0:00:02]} c5 {[%emt 0:03:17]} 15. Nf3 {[%emt 0:01:54]} cxd4 {[%emt 0:07:16]} 16. Nxd4 {[%emt 0:00:08]} Rfc8 {[%emt 0:17:49]} 17. Ke2 {[%emt 0:01:22]} Kf8 {[%emt 0:08:19]} 18. Nb5 {[%emt 0:10:18]} Ke7 {[%emt 0:17:57]} 19. f3 {[%emt 0:01:33]} a5 {[%emt 0:05:27]} 20. e4 {[%emt 0:02:21]} Nd7 {[%emt 0:01:40]} 21. Nc7 {[%emt 0:10:23]} Rab8 {[%emt 0:00:21]} 22. b4 {[%emt 0:00:21]} axb4 {[%emt 0:04:06]} 23. axb4 {[%emt 0:00:10]} Nc5 {[%emt 0:04:12]} 24. Nb5 {[%emt 0:10:26]} Na6 {[%emt 0:01:01]} 25. Na7 {[%emt 0:01:46]} Rxc1 {[%emt 0:00:31]} 26. Rxc1 {[%emt 0:00:05]} Nxb4 {[%emt 0:02:53]} 27. Rb1 {[%emt 0:09:43]} Rb7 {[%emt 0:00:13]} 28. Rxb4 {[%emt 0:00:20]} Rxa7 {[%emt 0:00:05]} 29. Rxb6 {[%emt 0:00:06]} Ra2+ {[%emt 0:00:14]} 30. Kf1 {[%emt 0:00:05]} Rc2 1/2-1/2

[Event "AUT Bundesliga 2021-22"]
[Site "Graz"]
[Date "2022.03.25"]
[Round "6"]
[White "Rubil, Marko"]
[Black "Krassowizkij, Jaroslaw"]
[Result "1-0"]
[WhiteElo "2293"]
[BlackElo "2449"]
[Annotator "TA"]
[PlyCount "83"]
[EventDate "2021.01.17"]
[EventType "team-tourn"]
[EventCountry "AUT"]
[SourceTitle "playchess.com"]
[Source "ChessBase"]
[SourceQuality "1"]

{[%evp 9,83,12,11,7,4,0,-7,0,20,22,31,20,23,-14,-21,-9,20,-8,14,0,0,0,0,0,0,0,0,-4,0,0,0,-2,0,-3,-4,-10,0,0,0,0,0,0,0,-12,-10,-14,-19,-54,-52,-150,-160,-147,-161,-162,-141,-158,-158,-170,-161,-558,-551,-507,-435,-599,-556,-507,-95,-97,0,0,0,0,0,0,0,0]} 1. e4 e5 2. Nf3 Nc6 3. Bb5 Nf6 4. d3 Bc5 5. O-O Nd4 6. Bc4 {C65: Ruy Lopez: Berlin Defence (3...Nf6), unusual lines and 4 0-0 Bc5.} d6 7. c3 Nxf3+ 8. Qxf3 Be6 {[#]} 9. b4 $146 ({Predecessor:} 9. Bg5 h6 10. Bxf6 Qxf6 11. Qxf6 gxf6 12. Kh1 O-O-O 13. b4 Bb6 14. f4 c6 15. Bxe6+ fxe6 {1-0 (30) Van den Doel,E (2554)-Ijzermans,C (2009) Brasschaat 2014}) 9... Bb6 10. a4 a5 11. Nd2 axb4 12. cxb4 Qd7 (12... Bg4 $5 13. Qg3 O-O $11) 13. a5 Bd4 14. Rb1 Bg4 15. Qg3 Nh5 16. Qh4 h6 17. h3 $1 Be2 {Strongly threatening ...g5.} 18. Nf3 Bxf3 ({Much less strong is} 18... Bxf1 19. Nxd4 g6 20. Nb5 $16) 19. gxf3 Nf6 20. Kh2 Ke7 21. Be3 g5 22. Qg3 Nh5 23. Qg4 Qxg4 24. fxg4 Nf4 25. Bxf4 exf4 26. Kg2 h5 27. Rh1 Rh6 {[%cal Of4f3]} 28. Kf3 Rah8 {aiming for ...hxg4+.} 29. gxh5 (29. h4 $1 $15) 29... Rxh5 $17 30. b5 {[%cal Oh3h4]} Kf6 $1 ({Much worse is} 30... Rxh3+ $6 31. Rxh3 Rxh3+ 32. Kg4 Rh4+ 33. Kxg5 Bxf2 34. a6 bxa6 35. bxa6 $11) 31. a6 bxa6 32. bxa6 Rxh3+ 33. Rxh3 Rxh3+ $19 {[%mdl 4096] Endgame KRB-KRB} 34. Ke2 $2 (34. Kg4 {was the crucial defense.} Rh4+ 35. Kf3) 34... f3+ 35. Kd2 Bxf2 36. Rb7 Rh2 {( -> ...Bd4+)} 37. Kc3 {To avoid Bd4+} Ke5 {To avoid d4+} (37... g4 $19 {Threatens to win with ...g3.} 38. Rxc7 g3 39. Rxf7+ Kg6 40. Rxf3 g2 $1 41. Rxf2 g1=Q 42. Rxh2 Qxh2) 38. Rb5+ $17 {[#]} c5 (38... Kf4 $1 $17 39. Rf5+ Kg4 40. Rxf7 Bb6) 39. a7 $1 $11 {The position is equal.} Bd4+ 40. Kb3 Rh8 {And now ...f2 would win.} (40... Rb2+ 41. Ka4 Rxb5 42. Kxb5 $18) 41. Rb8 f2 $1 42. a8=Q {[%mdl 32768] Weighted Error Value: White=0.38/Black=0.30. Loss on time!?} (42. Rxh8 $2 {too greedy.} f1=Q 43. Ka4 Qb1 44. Re8+ Kf4 $19) 1-0

[Event "AUT Bundesliga 2021-22"]
[Site "Graz"]
[Date "2022.03.25"]
[Round "6"]
[White "Steindl, Johannes"]
[Black "Sebenik, Matej"]
[Result "1/2-1/2"]
[WhiteElo "2237"]
[BlackElo "2510"]
[Annotator "TA"]
[PlyCount "77"]
[EventDate "2021.01.17"]
[EventType "team-tourn"]
[EventCountry "AUT"]
[SourceTitle "playchess.com"]
[Source "ChessBase"]
[SourceQuality "1"]

{[%evp 23,77,55,49,0,0,0,0,0,0,0,0,0,12,0,0,0,0,0,0,-23,0,-51,0,-4,0,0,14,0,0,0,0,-26,7,0,0,0,12,10,83,50,62,49,38,50,55,46,88,139,144,165,141,151,153,0,99,0]} 1. e4 c5 2. Nf3 Nc6 3. d4 cxd4 4. Nxd4 Nf6 5. Nc3 e5 6. Ndb5 d6 7. Bg5 a6 8. Na3 b5 9. Bxf6 gxf6 {[%cal Bg7f6,Bf6f5][%mdl 32]} 10. Nd5 f5 11. Bd3 Be6 12. c3 Bg7 13. Nxb5 {B33: Sicilian: Pelikan and Sveshnikov Variations.} axb5 14. Bxb5 Rc8 15. Qa4 {The position is equal.} Bd7 16. exf5 O-O $1 17. O-O e4 $1 18. Qxe4 {aiming for Rfe1.} Re8 $1 {[%cal Bf8e8,Be8e5,Be5f5,Bf5h5,Bh5h6,Bh6e6][%mdl 32]} 19. Qa4 Re5 20. Rad1 Rxf5 21. f4 Rh5 {[%cal Og7d4]} (21... Bd4+ $5 22. Rxd4 Nxd4 23. Bxd7 Ne2+ 24. Kf2 Rxd5 25. Bxc8 Qb6+ 26. Kf3 (26. Kxe2 $2 Qxb2+ 27. Ke3 Qd2+ 28. Kf3 Rd3+ 29. Kg4 Qxg2+ 30. Kh4 Qxf1 $19) 26... Ng1+ 27. Rxg1 Qxg1 28. Qe8+ Kg7 $11) 22. g3 (22. Rf2 $11) 22... Kh8 (22... Nb8 $15) 23. Rfe1 $11 Rh6 24. Qa6 {[#]} Re6 $146 ({Predecessor:} 24... Nb8 25. Qb7 Bxb5 26. Qxb5 Nd7 27. Re7 Nf6 28. Rde1 Rh5 29. c4 Bf8 30. Rxf7 Nxd5 31. cxd5 {½-½ (45) Anokhin,Y (2382)-Rach,J (2348) GER email 2016}) 25. Qb6 {[%mdl 1024] White has compensation.} Qe8 26. Qf2 Nb8 27. Bf1 Bc6 {And now ...Bxd5 would win.} (27... Ba4 $5 {[%cal Ra4d1]}) 28. Bh3 Bxd5 {A strong pair of Bishops.} 29. Bxe6 Bxe6 (29... fxe6 $2 30. Rxd5 $1 {[%mdl 512]} Qd7 31. Rh5 $18) 30. f5 Be5 31. fxe6 $16 fxe6 {[#]} 32. Rxe5 $1 dxe5 33. Qf6+ Kg8 34. Qg5+ Qg6 $1 35. Rd8+ Rxd8 36. Qxd8+ Kf7 {[#] Strongly threatening ...Qb1+.} 37. Qc7+ $1 Kf6 38. Qd8+ (38. Qxb8 $142 {Threatens to win with Qf8+.} Qb1+ 39. Kf2) 38... Kf7 39. Qc7+ {Weighted Error Value: White=0.17 (very precise) /Black=0.09 (flawless)} ({White should try} 39. Qxb8 $16 Qb1+ 40. Kf2) 1/2-1/2

[Event "AUT Bundesliga 2021-22"]
[Site "Graz"]
[Date "2022.03.25"]
[Round "6"]
[White "de Francesco, Klaus"]
[Black "Mazi, Leon"]
[Result "1/2-1/2"]
[WhiteElo "2177"]
[BlackElo "2347"]
[Annotator "TA"]
[PlyCount "63"]
[EventDate "2021.01.17"]
[EventType "team-tourn"]
[EventCountry "AUT"]
[SourceTitle "playchess.com"]
[Source "ChessBase"]
[SourceQuality "1"]

{[%evp 10,63,27,16,14,0,0,0,18,15,23,23,25,18,15,6,18,-14,-13,-2,-6,-11,4,-8,0,-20,-13,-10,-11,-15,-14,-118,-50,-46,-15,-12,-3,-37,-17,-23,-17,-25,-18,-19,-8,-13,0,-11,0,-15,0,0,0,-11,0,-16]} 1. d4 d5 2. Bf4 e6 3. e3 c5 4. c3 Qb6 5. Qb3 Nf6 6. Nd2 Be7 {D00: 1 d4 d5: Unusual lines.} 7. h3 O-O 8. Ngf3 Nc6 9. Be2 Bd7 10. O-O Rfc8 11. Rfe1 Be8 12. Bf1 {[#]} Qxb3 $146 ({Predecessor:} 12... Nd7 13. Ne5 Nf8 14. Nxc6 Bxc6 15. Nf3 Ng6 16. Bg3 Qd8 17. Qd1 Bd6 18. Bxd6 Qxd6 {½-½ (45) Vidmar,M-Speijer,A St Petersburg 1909}) 13. Nxb3 c4 14. Nbd2 b5 15. e4 a5 16. g4 {[%cal Bg2g4,Bg4g5][%mdl 32]} Bf8 17. g5 Nxe4 18. Nxe4 dxe4 19. Rxe4 Ne7 {Threatens to win with ...Bc6.} 20. Bg2 (20. Ree1 $11) 20... Bc6 ({Better is} 20... Nd5 $17 {Hoping for ...b4.} 21. Bd2 b4) 21. Ree1 $15 Ra6 22. a3 Bd5 23. Ne5 {[%cal Bf3e5,Be5g4,Bg4e3][%mdl 32]} Bxg2 24. Kxg2 Nd5 25. Bd2 Bd6 26. Kf3 {The position is equal.} Ra7 27. Ng4 Rd7 28. h4 Kf8 29. h5 Ke7 30. Ne3 {[#] Strongly threatening Nxd5+.} Nb6 31. Rad1 Bb8 32. Kg4 {Weighted Error Value: White=0.16 (very precise) /Black=0.09 (flawless)} 1/2-1/2

[Event "AUT Bundesliga 2021-22"]
[Site "Graz"]
[Date "2022.03.25"]
[Round "6"]
[White "Lovrinovic, Christian"]
[Black "Walter, Stefan"]
[Result "1/2-1/2"]
[WhiteElo "2117"]
[BlackElo "2380"]
[Annotator "TA"]
[PlyCount "183"]
[EventDate "2021.01.17"]
[EventType "team-tourn"]
[EventCountry "AUT"]
[SourceTitle "playchess.com"]
[Source "ChessBase"]
[SourceQuality "1"]

{[%evp 9,183,0,1,0,0,-11,0,-2,-5,-11,0,-18,-9,-6,0,-35,-29,-26,-22,-35,-8,-9,-25,-65,-60,-75,-86,-64,-66,-78,-75,-67,-72,-66,-75,-81,-87,-78,-48,-101,-97,-141,-69,-87,-69,-81,-87,-77,-71,-75,241,253,262,0,162,157,150,8,8,8,60,66,75,59,67,11,10,0,0,-7,0,0,0,-7,-7,-7,-7,-7,-7,-7,-7,-7,-7,-7,-7,-20,0,-7,-7,-7,-7,-20,-20,-20,-20,-20,-20,-20,-20,-20,-20,-20,-20,-20,0,-20,-20,-20,-20,-20,-20,-20,-20,-20,-20,-20,-20,-20,-20,-20,-20,-20,-20,-27,0,0,0,0,0,-8,-8,-8,-8,-8,-8,-8,-8,-8,-8,-8,-8,-8,-8,-8,-8,-8,-8,-8,-8,-8,-8,-8,-8,-8,-8,-8,-8,-8,-8,-8,0,0,0,0,0,-8,0,0,0,0,0,0,0,0,0,0]} 1. d4 Nf6 2. c4 e6 3. Nc3 Bb4 4. g3 O-O 5. Bg2 d5 6. a3 {E20: Nimzo-Indian: 4 g3 and 4 f3.} Bxc3+ 7. bxc3 dxc4 {[%cal Oe6e5]} 8. Qa4 Bd7 9. Qxc4 Bc6 10. f3 Nbd7 11. e4 Nb6 {[#]} 12. Qd3 $146 ({Predecessor:} 12. Qa2 Ba4 13. Ne2 c5 14. O-O Rc8 15. Rb1 Qd7 16. Re1 Bb5 17. Be3 Bc4 18. Qa1 {0-1 (74) Aymard,M (2065)-Kreutz,J (2124) ICCF email 2020}) 12... Nfd7 {[%cal Bf6d7,Bd7e5,Be5c4][%mdl 32]} 13. Ne2 Ne5 14. Qb1 Nec4 15. O-O Rc8 16. Re1 Ba4 17. Ra2 c5 18. Bh3 Rc6 19. Bf4 Re8 20. Bg2 Qe7 21. Bc1 Rec8 22. h4 h6 23. Kh2 Na5 24. Bh3 (24. Nf4 $15) 24... Nbc4 $17 25. e5 (25. f4 $142) 25... cxd4 ({Better is} 25... Bb3 $1 $17 26. Ra1 Nb6) 26. Nxd4 $15 {[#] Black must now prevent Qb4.} Rb6 {To avoid Qb4} 27. Qe4 Nb3 {Pair of Knights!} 28. Bf1 Nxc1 29. Rxc1 Rb2+ $2 {[%mdl 8192]} (29... h5 $17) 30. Rxb2 $18 Nxb2 31. f4 $2 (31. Rb1 $18) 31... Bc6 $2 (31... Nd1 $11) 32. Nxc6 Rxc6 {[#]} 33. Qb4 ({White must play} 33. Rc2 $1 $16 {[%cal Rc2b2]} Rb6 34. a4) 33... Qxb4 $11 34. axb4 {[%mdl 4096] Endgame KRB-KRN} Rc7 (34... Nc4 $11) 35. c4 $14 Rd7 {[%cal Bc7d7,Bd7d3,Bd3b3,Bb3b4][%mdl 32]} 36. c5 Nd3 37. Bxd3 (37. Rc4 $14) 37... Rxd3 {KR-KR} 38. c6 bxc6 39. Rxc6 Rb3 40. Ra6 Rxb4 41. Rxa7 g5 42. hxg5 hxg5 43. fxg5 Kg7 44. Kh3 Rb5 45. Kh4 Kg6 46. Ra8 Rb4+ 47. g4 Rb1 48. Rg8+ Kh7 49. Rc8 Re1 50. Kg3 Rxe5 51. Kf4 Re1 52. Re8 Kg7 53. Kf3 Rf1+ 54. Ke4 Rh1 55. Rb8 Rh4 56. Kf4 Rh8 57. Rb5 Kg6 58. Ra5 Rb8 59. Kg3 $1 Rb4 60. Kh4 $1 Rb1 61. Kg3 Rd1 62. Kh4 Rd8 63. Rb5 Kg7 64. Ra5 Re8 65. Re5 Kg6 66. Ra5 e5 {[%cal Be6e5,Be5e4,Be4e3][%mdl 32]} 67. Ra6+ {The position is equal.} Kg7 68. Kg3 e4 {And now ...e3 would win.} 69. Kf2 e3+ 70. Ke2 Re4 71. Ra5 Kg6 72. Rb5 (72. Rf5 {feels hotter.} Rxg4 73. Rf6+ Kg7 74. Kxe3 Rxg5 75. Rb6) 72... Rxg4 73. Kxe3 Rxg5 74. Rb6+ f6 75. Kf3 Rf5+ 76. Kg3 Rf1 77. Kg2 Ra1 78. Kf3 Kg5 79. Rb3 Ra2 80. Kg3 f5 81. Kf3 Ra4 82. Kg3 Rg4+ 83. Kf3 Rh4 {( -> ...Rh3+)} 84. Kg3 {Inhibits Rh3+.} f4+ 85. Kg2 Rh8 86. Ra3 Rb8 87. Rc3 Rb2+ 88. Kf3 Rb5 89. Ra3 Re5 90. Rb3 Re3+ 91. Rxe3 fxe3 92. Kxe3 {Weighted Error Value: White=0.18 (very precise) /Black=0.22 (precise)} 1/2-1/2